| 000 | 00678nam a22002417a 4500 | ||
|---|---|---|---|
| 001 | 0150 | ||
| 003 | DO-SdBNP | ||
| 005 | 20220425120152.0 | ||
| 007 | 0150 | ||
| 008 | 151005b2005 dr 00| 0 spa d | ||
| 020 | _a9993498483 | ||
| 040 |
_aBPMSU _bspa _cBPMSU |
||
| 082 | 4 |
_aRD863.44 _bD591d 2005 _222 |
|
| 100 | 1 | _aSantos, Roque Diómedez | |
| 245 | 1 | 0 |
_aLos duendes verdes : simples historias / _cRoque Diómedes Santos Cueto |
| 260 | 0 |
_aSanto Domingo : _bSecretaría de Estado de Cultura , _c2005 |
|
| 300 |
_a146 p. : _c24 cm. |
||
| 490 | 0 | _aJovenes autores | |
| 650 | 4 | _aCuentos dominicanos | |
| 650 | 4 | _aLiteratura dominicana | |
| 910 | _a VMateo V. | ||
| 942 |
_2ddc _cBK |
||
| 999 |
_c14159 _d14159 |
||